Inhabited Islands of French Polynesia - Statistics

General Stats
  • This quiz has been taken 454 times
    153 since last reset
  • The average score is 9 of 71
Answer Stats
Archipelago Island/Atoll % Correct
Societies Tahiti
92%
Societies Bora Bora
82%
Societies Mo’orea
57%
Marquesas Nuku Hiva
39%
Societies Huahine
33%
Tuamotus Fakarava
32%
Tuamotus Rangiroa
31%
Societies Taha’a
31%
Marquesas Hiva Oa
29%
Gambiers Mangareva
29%
Societies Maupiti
26%
Societies Ra’iātea
26%
Australs Rurutu
26%
Australs Raivavae
23%
Australs Rapa Iti
23%
Australs Rimatara
23%
Tuamotus Manihi
22%
Marquesas ‘Ua Pou
21%
Marquesas Fatu Hiva
19%
Tuamotus Anaa
17%
Australs Tupua’i
17%
Societies Tetiaroa
15%
Societies Tūpai
15%
Societies Maupiha’a
14%
Tuamotus Puka Puka
14%
Tuamotus Tikehau
14%
Tuamotus Makemo
13%
Marquesas ‘Ua Huka
13%
Tuamotus Napuka
12%
Societies Mai’ao
11%
Tuamotus Ahe
9%
Tuamotus Reao
9%
Marquesas Tahuata
9%
Tuamotus Takapoto
8%
Tuamotus Arutua
5%
Tuamotus Fangatau
5%
Tuamotus Kauehi
5%
Tuamotus Mataiva
5%
Tuamotus Takume
5%
Tuamotus Apataki
4%
Tuamotus Katiu
4%
Tuamotus Faaite
3%
Tuamotus Hikueru
3%
Tuamotus Kaukura
3%
Tuamotus Raraka
3%
Tuamotus Raroia
3%
Tuamotus Tatakoto
3%
Tuamotus Hereheretue
2%
Tuamotus Niau
2%
Tuamotus Nihiru
2%
Tuamotus Taenga
2%
Tuamotus Teavaroa
2%
Gambiers Akamaru
1%
Gambiers Aukena
1%
Tuamotus Fakahina
1%
Tuamotus Haorangi
1%
Tuamotus Nengonengo
1%
Gambiers Taravai
1%
Tuamotus Tepoto
1%
Tuamotus Toau
1%
Gambiers Totegegie
1%
Tuamotus Tureia
1%
Tuamotus Amani
0%
Tuamotus Haraiki
0%
Tuamotus Marokau
0%
Tuamotus Nukutavake
0%
Tuamotus Pukaruha
0%
Tuamotus Tauere
0%
Tuamotus Tematangi
0%
Tuamotus Vahitahi
0%
Tuamotus Vairaatea
0%
No matching quizzes found
Score Distribution
Percent of People with Each Score
Percentile by Number Answered
Your Score History
You have not taken this quiz since the last reset